000
00295nam a22001337a 4500
008
190205b xxu||||| |||| 00| 0 eng d
020
_a
0812368940
041
_a
eng
080
_a
510
100
_a
36
101
_a
MAT
245
_a
Integrated Mathematics Course 2
_c
Kelly,B
942
_2
udc
_c
BK
999
_c
54002
_d
54002